书目信息 |
| 题名: |
中国动物志
|
|
| 作者: | 陈素芝 | |
| 分册: | ||
| 出版信息: | 北京 科学出版社 2002 |
|
| 页数: | 349 | |
| 开本: | 26cm | |
| 丛书名: | ||
| 单 册: | ||
| 中图分类: | Q19 | |
| 科图分类: | ||
| 主题词: | 生物学:分类学 | |
| 电子资源: | ||
| ISBN: | 7-03-009020-9 | |
| 000 | 00645nam0 2200193 450 | |
| 001 | 0741144344 | |
| 005 | 20070817112544.34 | |
| 010 | @a7-03-009020-9@b精装@d¥75.00 | |
| 100 | @a20070817d km y0chiy0120 ea | |
| 101 | 0 | @achi |
| 200 | 1 | @a中国动物志@Azhong guo dong wu zhi@e硬骨鱼纲 灯笼鱼目 鲸口鱼目 骨舌鱼目@f陈素芝@Fchen su zhi |
| 210 | @a北京@c科学出版社@d2002 | |
| 215 | @a349@d26cm | |
| 517 | 1 | @a硬骨鱼纲 灯笼鱼目 鲸口鱼目 骨舌鱼目@Aying gu yu gang deng long yu mu jing kou yu mu gu she yu mu |
| 606 | 0 | @a生物学:分类学 |
| 690 | @aQ19@v3 | |
| 701 | 0 | @a陈素芝@Achen su zhi |
| 801 | 0 | @aCN@bPFT@c20070817 |
| 905 | @a213230@dQ19@en1:6@f1 | |
| 中国动物志:硬骨鱼纲 灯笼鱼目 鲸口鱼目 骨舌鱼目/陈素芝.-北京:科学出版社,2002 |
| 349;26cm |
| ISBN 7-03-009020-9(精装):¥75.00 |
| ● |
| 相关链接 |
|
|
|
|
正题名:中国动物志
索取号:Q19/n1:6
 
预约/预借
| 序号 | 登录号 | 条形码 | 馆藏地/架位号 | 状态 | 备注 |
| 1 | 6600092 | 266000926 | 密集书库-生命科学系/ [索取号:Q19/n1:6] | 在馆 |